[Event "Trieste op 20th"]
[Site "Trieste"]
[Date "2018.09.01"]
[Round "1"]
[White "Agnello, Francesco Claudio"]
[Black "Vorobiov, Evgeny E"]
[Result "0-1"]
[WhiteElo "2162"]
[BlackElo "2561"]
[PlyCount "86"]
[EventDate "2018.09.01"]
[EventType "swiss"]
[EventRounds "9"]
[EventCountry "ITA"]
[SourceTitle "CBM 186 Extra"]
[Source "ChessBase"]
[SourceDate "2018.08.24"]
[SourceVersion "1"]
[SourceVersionDate "2018.08.24"]
[SourceQuality "1"]

1. d4 Nf6 2. Bf4 e6 3. Nf3 c5 4. c3 cxd4 5. cxd4 Qb6 6. Qc2 Nc6 7. e3 Nh5 8. Bg3 Nxg3 9. hxg3 d5 10. Nc3 Bd7 11. a3 Rc8 12. Bd3 Bd6 13. Kf1 Na5 14. Nd2 Qd8 15. b4 Nc6 16. Qb2 g6 17. Ke2 0-0 18. Nb3 e5 19. Nxd5 Be6 20. Nc3 Bxb3 21. Qxb3 exd4 22. Ne4 dxe3 23. fxe3 Be5 24. Raf1 Bg7 25. Bc4 Ne5 26. Bd5 Qd7 27. Nf6+ Bxf6 28. Rxf6 Qg4+ 29. Kf2 Qg5 30. Rf4 Rc7 31. Rf1 Ng4+ 32. Ke2 Ne5 33. e4 Kg7 34. b5 Rfc8 35. Kd2 Rc2+ 36. Qxc2 Rxc2+ 37. Kxc2 Qxg3 38. a4 Qd3+ 39. Kb2 f5 40. R1f2 Qd4+ 41. Kc2 fxe4 42. Bxe4 Qxa4+ 43. Kb1 g5 0-1

[Event "Biella op 8th"]
[Site "Biella"]
[Date "2017.09.24"]
[Round "5"]
[White "Tripodi, Enzo"]
[Black "Agnello, Francesco Claudio"]
[Result "1/2-1/2"]
[WhiteElo "1929"]
[BlackElo "2090"]
[PlyCount "52"]
[EventDate "2017.09.22"]
[EventType "swiss"]
[EventRounds "5"]
[EventCountry "ITA"]
[SourceTitle "CBM 180 Extra"]
[Source "ChessBase"]
[SourceDate "2017.10.06"]
[SourceVersion "1"]
[SourceVersionDate "2017.10.06"]
[SourceQuality "1"]

1. e4 c5 2. Nf3 Nc6 3. d4 cxd4 4. Nxd4 Nf6 5. Nc3 e5 6. Ndb5 d6 7. Bg5 a6 8. Na3 b5 9. Nd5 Be7 10. Bxf6 Bxf6 11. c4 b4 12. Nc2 a5 13. g3 Bg5 14. Bg2 0-0 15. 0-0 Be6 16. Nce3 Bxe3 17. Nxe3 Nd4 18. b3 a4 19. Qd3 Qa5 20. Rab1 axb3 21. axb3 Qa2 22. f4 Qe2 23. Qxe2 Nxe2+ 24. Kh1 f6 25. Nc2 exf4 26. gxf4 Rfb8 1/2-1/2

[Event "Biella op-A 7th"]
[Site "Biella"]
[Date "2016.09.23"]
[Round "1.5"]
[White "Vezzosi, Paolo"]
[Black "Agnello, Francesco Claudio"]
[Result "1-0"]
[WhiteElo "2340"]
[BlackElo "2032"]
[PlyCount "63"]
[EventDate "2016.09.23"]
[EventType "swiss"]
[EventRounds "5"]
[EventCountry "ITA"]
[SourceTitle "EXT 2024"]
[Source "ChessBase"]
[SourceDate "2023.10.10"]
[SourceVersion "1"]
[SourceVersionDate "2023.10.10"]
[SourceQuality "1"]

1. d4 f5 2. g3 Nf6 3. Bg2 g6 4. c4 Bg7 5. Nc3 0-0 6. Nf3 d6 7. 0-0 Nc6 8. d5 Ne5 9. Nxe5 dxe5 10. c5 h6 11. Qb3 Kh8 12. Rd1 g5 13. Qb4 a6 14. d6 c6 15. Na4 Qe8 16. Nb6 Rb8 17. Nxc8 Qxc8 18. b3 Qe6 19. Qc4 Qxc4 20. bxc4 exd6 21. cxd6 e4 22. Ba3 Nd7 23. Rab1 b5 24. cxb5 axb5 25. f3 Ra8 26. Rb3 c5 27. Bb2 Bxb2 28. Rxb2 exf3 29. Bxf3 Ra6 30. Rxb5 Rf6 31. Rb7 Rfxd6 32. Rxd7 1-0

[Event "Terre degli Elimi op 7th"]
[Site "Erice"]
[Date "2016.08.03"]
[Round "8"]
[White "Agnello, Francesco Claudio"]
[Black "Ciampi, Vincenzo"]
[Result "1/2-1/2"]
[WhiteElo "2079"]
[BlackElo "1985"]
[PlyCount "86"]
[EventDate "2016.07.28"]
[EventType "swiss"]
[EventRounds "9"]
[EventCountry "ITA"]
[SourceTitle "EXT 2017"]
[Source "ChessBase"]
[SourceDate "2016.10.25"]
[SourceVersion "1"]
[SourceVersionDate "2016.10.25"]
[SourceQuality "1"]

1. e4 c5 2. Nf3 e6 3. d4 cxd4 4. Nxd4 Nf6 5. Nc3 d6 6. Be3 a6 7. f3 Be7 8. Qd2 b5 9. g4 Bb7 10. 0-0-0 Nbd7 11. h4 Nb6 12. h5 h6 13. Qf2 Nfd7 14. Bd3 Rc8 15. Nce2 Qc7 16. Kb1 Nc4 17. Bc1 Nde5 18. Qg2 d5 19. f4 Nxd3 20. cxd3 Na5 21. e5 Nc6 22. Nxc6 Bxc6 23. d4 b4 24. f5 Ba4 25. Rdf1 Bc2+ 26. Ka1 Be4 27. Qf2 Bxh1 28. Rxh1 Qc2 29. Be3 Qe4 30. Rg1 Bg5 31. fxe6 0-0 32. Bxg5 hxg5 33. e7 Rfe8 34. Ng3 Qc2 35. Qe3 Rxe7 36. Qxg5 Rec7 37. Rb1 Qh7 38. Nf5 Re8 39. Rf1 Rf8 40. Ne7+ Rxe7 41. Qxe7 Qd3 42. Rh1 Qe4 43. Qh4 Qxd4 1/2-1/2

[Event "Olbia CIG U16 24th"]
[Site "Olbia"]
[Date "2016.06.26"]
[Round "1"]
[White "Agnello, Francesco Claudio"]
[Black "Celentano, Antonino"]
[Result "1-0"]
[WhiteElo "2065"]
[BlackElo "1607"]
[PlyCount "77"]
[EventDate "2016.06.26"]
[EventType "swiss"]
[EventRounds "9"]
[EventCountry "ITA"]
[SourceTitle "EXT 2024"]
[Source "ChessBase"]
[SourceDate "2023.10.10"]
[SourceVersion "1"]
[SourceVersionDate "2023.10.10"]
[SourceQuality "1"]

1. e4 e5 2. d4 exd4 3. Nf3 Nc6 4. c3 dxc3 5. Nxc3 d6 6. Bc4 Bg4 7. Qb3 Qd7 8. Bxf7+ Qxf7 9. Qxb7 Rb8 10. Qxc6+ Qd7 11. Nd4 Qxc6 12. Nxc6 Rb7 13. b3 Ne7 14. Na5 Rb8 15. Be3 Kd7 16. 0-0 Ng6 17. Nc4 a6 18. Nd5 Ne7 19. Nxe7 Bxe7 20. Bd4 Bf6 21. Bxf6 gxf6 22. Ne3 Be6 23. Rac1 Rhe8 24. Rc3 a5 25. Rfc1 Rec8 26. Nc2 Bf7 27. Rf3 Ke7 28. Nd4 c5 29. Nf5+ Kd7 30. Rd1 Rb6 31. Rfd3 Rcc6 32. Rg3 Ke6 33. Rg7 h5 34. Ne3 Rb7 35. f4 Rcb6 36. f5+ Ke5 37. Rxf7 Rxf7 38. Nc4+ Kxe4 39. Nxb6 1-0

[Event "Terre degli Elimi op 6th"]
[Site "Erice"]
[Date "2015.08.02"]
[Round "7"]
[White "Grinblat, Artemiy"]
[Black "Agnello, Francesco Claudio"]
[Result "1-0"]
[WhiteElo "2200"]
[BlackElo "1941"]
[PlyCount "103"]
[EventDate "2015.07.28"]
[EventType "swiss"]
[EventRounds "9"]
[EventCountry "ITA"]
[SourceTitle "EXT 2017"]
[Source "ChessBase"]
[SourceDate "2016.10.25"]
[SourceVersion "1"]
[SourceVersionDate "2016.10.25"]
[SourceQuality "1"]

1. e4 c5 2. c3 e6 3. d4 cxd4 4. cxd4 d5 5. e5 Nc6 6. Be3 Nge7 7. Nf3 Nf5 8. Bd3 Be7 9. 0-0 g5 10. Nc3 Rb8 11. g4 Nxe3 12. fxe3 f6 13. exf6 Bxf6 14. Qe2 0-0 15. Rad1 b6 16. a3 Bb7 17. Bb1 Qd7 18. Rf2 Qg7 19. Qd3 Nd8 20. Rdf1 Nf7 21. e4 Nh6 22. e5 Be7 23. h3 Bc6 24. Ne2 Be8 25. Qa6 Ra8 26. Nd2 Rxf2 27. Rxf2 Bd8 28. Nc3 Qd7 29. Bd3 Qc8 30. Qxc8 Rxc8 31. Nb5 Bxb5 32. Bxb5 Rc7 33. Nb1 Rc1+ 34. Rf1 Rxf1+ 35. Kxf1 a5 36. Ke2 Kf8 37. Kd2 Ng8 38. Kc2 Ne7 39. Kb3 Kf7 40. Ka4 Nc8 41. Bd7 Na7 42. Nc3 Ke7 43. Nb5 Kxd7 44. Nxa7 Be7 45. Kb5 Kc7 46. Ka6 Bf8 47. Nb5+ Kc6 48. a4 Be7 49. Ka7 Bd8 50. Kb8 Kd7 51. Kb7 Ke7 52. Kc8 1-0